Physical principles explained / (Record no. 5039)

MARC details
000 -LEADER
fixed length control field 01024pam a2200289 a 4500
001 - CONTROL NUMBER
control field 1107874
003 - CONTROL NUMBER IDENTIFIER
control field OSt
005 - DATE AND TIME OF LATEST TRANSACTION
control field 20160818151816.0
008 - FIXED-LENGTH DATA ELEMENTS--GENERAL INFORMATION
fixed length control field 930817s1994 enka b 001 0 eng
010 ## - LIBRARY OF CONGRESS CONTROL NUMBER
LC control number 93033995
020 ## - INTERNATIONAL STANDARD BOOK NUMBER
International Standard Book Number 0750607483 :
Terms of availability $14.95
040 ## - CATALOGING SOURCE
Original cataloging agency DLC
Transcribing agency DLC
Modifying agency DLC
082 ## - DEWEY DECIMAL CLASSIFICATION NUMBER
Classification number WB 460
Item number L95p 1994
100 1# - MAIN ENTRY--PERSONAL NAME
Personal name Low, John
9 (RLIN) 10632
245 10 - TITLE STATEMENT
Title Physical principles explained /
Statement of responsibility, etc. John Low, Ann Reed.
260 ## - PUBLICATION, DISTRIBUTION, ETC. (IMPRINT)
Place of publication, distribution, etc. Oxford ;
-- Boston :
Name of publisher, distributor, etc. Butterworth-Heinemann,
Date of publication, distribution, etc. 1994.
300 ## - PHYSICAL DESCRIPTION
Extent 238 p. :
Other physical details ill. ;
Dimensions 24 cm.
440 #0 - SERIES STATEMENT/ADDED ENTRY--TITLE
Title Physiotherapy practice explained
9 (RLIN) 2795
504 ## - BIBLIOGRAPHY, ETC. NOTE
Bibliography, etc Includes bibliographical references (p. 227-229) and index.
650 #0 - SUBJECT ADDED ENTRY--TOPICAL TERM
Topical term or geographic name as entry element Physics.
9 (RLIN) 809
650 #0 - SUBJECT ADDED ENTRY--TOPICAL TERM
Topical term or geographic name as entry element Physical therapists.
9 (RLIN) 10793
650 #0 - SUBJECT ADDED ENTRY--TOPICAL TERM
Topical term or geographic name as entry element Medical physics.
9 (RLIN) 10794
700 1# - ADDED ENTRY--PERSONAL NAME
Personal name Reed, Ann,
9 (RLIN) 10635
906 ## - LOCAL DATA ELEMENT F, LDF (RLIN)
a 7
b cbc
c orignew
d 1
e ocip
f 19
g y-gencatlg
942 ## - ADDED ENTRY ELEMENTS (KOHA)
Source of classification or shelving scheme Other/Generic Classification Scheme
Koha item type Open Shelf
Holdings
Withdrawn status Lost status Source of classification or shelving scheme Damaged status Not for loan Home library Current library Date acquired Source of acquisition Inventory number Total Checkouts Full call number Barcode Date last seen Price effective from Koha item type
    Other/Generic Classification Scheme     MUST Main Library MUST Main Library 18/08/2016   1997/11571   WB 460 L95p 1994 2016-3737 18/08/2016 18/08/2016 Open Shelf